000 00998nam0a22002771 4500
001 v19\rc\1680505
005 20061002145733.5
035 _a(NLR Aleph) 004786404
090 _a4692603
_c4692603
100 _a20061002e18951895|||y0rusy50 ca
101 0 _arus
102 _aRU
105 _ay z |||||
200 1 _aО фосфористом белке щитовидной железы в связи с вопросом об ее отправлении
_f[Соч.] К.С. Моркотуна
210 _a[Санкт-Петербург]
_cтип. Я. Трей
_dценз. 1895
215 _a8 с.
_d23
309 _aБез тит. л. и обл.
311 _aИз журн. "Врач". 1895, № 37
488 0 _12001#$aВрач$v1895, № 37
700 1 _aМоркотун
_bК. С.
_f1861-
_gКонстантин Степанович
801 0 _aRU
_bNLR
_gpsbo
801 0 _aRU
_bRuMoRGB
_2psbo
801 1 _aRU
_bProSoft-M
_2rusmarc
852 _aNLR
_j34.84.5.1634
942 _cBOOK
980 _aNB